L’audit sur l’état du réseau national français : le roi est nu ! (notice n° 1579281)
[ vue normale ]
| 000 -LEADER | |
|---|---|
| fixed length control field | 01209cam a2200157 4500500 |
| 005 - DATE AND TIME OF LATEST TRANSACTION | |
| control field | 20251228045823.0 |
| 041 ## - LANGUAGE CODE | |
| Language code of text/sound track or separate title | fre |
| 042 ## - AUTHENTICATION CODE | |
| Authentication code | dc |
| 100 10 - MAIN ENTRY--PERSONAL NAME | |
| Personal name | Zembri, Pierre |
| Relator term | author |
| 245 00 - TITLE STATEMENT | |
| Title | L’audit sur l’état du réseau national français : le roi est nu ! |
| 260 ## - PUBLICATION, DISTRIBUTION, ETC. | |
| Date of publication, distribution, etc. | 2005.<br/> |
| 500 ## - GENERAL NOTE | |
| General note | 70 |
| 520 ## - SUMMARY, ETC. | |
| Summary, etc. | Le mois de septembre 2005 a été marqué par la parution de la version publique très résumée (27 pages sur 800) d’un rapport rendu à la SNCF et à RFF par un consortium d’instituts de recherche et de consultants co-dirigé par Robert RIVIER et Yves PUTALLAZ de l’École Polytechnique Fédérale de Lausanne (EPFL). Ce document clair, sans fioritures, confirme l’impression que les observateurs avisés pouvaient avoir : le sous-investissement est patent et la pérennité même d’une importante proportion du réseau est menacée à moyen terme. Reste à voir si des suites concrètes (une véritable politique de gestion du patrimoine ?) seront données à ce travail remarquable. |
| 786 0# - DATA SOURCE ENTRY | |
| Note | Transports urbains | 108 | 2 | 2005-11-02 | p. 13-15 | 0397-6521 |
| 856 41 - ELECTRONIC LOCATION AND ACCESS | |
| Uniform Resource Identifier | <a href="https://stm.cairn.info/revue-transports-urbains-2005-2-page-13?lang=fr&redirect-ssocas=7080">https://stm.cairn.info/revue-transports-urbains-2005-2-page-13?lang=fr&redirect-ssocas=7080</a> |
Pas d'exemplaire disponible.




Réseaux sociaux